000 00358cam a22001337a 4500
008 180718b1918 xxu||||| |||| 00| 0 eng d
082 _aA99 Od9
100 _aO'Dwyer, Michael
245 _aWar speeches
_cby Michael O'Dwyer
260 _aLahore
_b
_c1918
300 _a143p.
650 _aWorld War, 1939-1945 --Great Britain
650 _aWorld War, 1939-1945
999 _c438819
_d438819